Collins Student World Atlas (Record no. 60714)
[ view plain ]
| 000 -LEADER | |
|---|---|
| fixed length control field | 00600nam a22001817a 4500 |
| 003 - CONTROL NUMBER IDENTIFIER | |
| control field | NUST-PNEC |
| 005 - DATE AND TIME OF LATEST TRANSACTION | |
| control field | 20170116180706.0 |
| 008 - FIXED-LENGTH DATA ELEMENTS--GENERAL INFORMATION | |
| fixed length control field | 140922b xxu||||| |||| 00| 0 eng d |
| 040 ## - CATALOGING SOURCE | |
| Transcribing agency | PNEC |
| 082 ## - DEWEY DECIMAL CLASSIFICATION NUMBER | |
| Classification number | 912 COL |
| 100 ## - MAIN ENTRY--PERSONAL NAME | |
| 9 (RLIN) | 339 |
| Personal name | Collins |
| 245 ## - TITLE STATEMENT | |
| Title | Collins Student World Atlas |
| Statement of responsibility, etc. | Collins |
| 260 ## - PUBLICATION, DISTRIBUTION, ETC. | |
| Place of publication, distribution, etc. | London |
| Name of publisher, distributor, etc. | HarperCollinsPublishers, London |
| Date of publication, distribution, etc. | c.2005 |
| 300 ## - PHYSICAL DESCRIPTION | |
| Extent | 168 p.: |
| Other physical details | ill. , maps. : |
| Dimensions | 30 cm. |
| 500 ## - GENERAL NOTE | |
| General note | Includes Index http://www.amazon.com/Collins-Student-Atlas/dp/0007198418/ref=sr_1_1?s=books&ie=UTF8&qid=1411371554&sr=1-1&keywords=0007198418 |
| 650 ## - SUBJECT ADDED ENTRY--TOPICAL TERM | |
| General subdivision | General |
| 942 ## - ADDED ENTRY ELEMENTS (KOHA) | |
| Source of classification or shelving scheme | |
| Koha item type | Book |
| Withdrawn status | Lost status | Source of classification or shelving scheme | Damaged status | Not for loan | Permanent Location | Current Location | Shelving location | Date acquired | Source of acquisition | Cost, normal purchase price | Total Checkouts | Full call number | Barcode | Date last seen | Cost, replacement price | Price effective from | Koha item type |
|---|---|---|---|---|---|---|---|---|---|---|---|---|---|---|---|---|---|
| Pakistan Navy Engineering College (PNEC) | Pakistan Navy Engineering College (PNEC) | Reference | 02/28/2014 | Paramount Books | 1588.48 | 912 COL | PNECLIB-031676 | 09/22/2014 | 1588.48 | 02/28/2014 | Book |
